000 01038cam a22002651i 4500
003 SA-RiAUC
005 20250828063558.0
008 250824s2004 su g 00010 ara c
040 _aSA-JeALM
_bara
_cSA-RiAUC
_erda
082 0 4 _a212.3
_qSA-RiAUC
090 _a212.3
_bخ م ي
100 1 _aالخميس، محمد بن عبد الرحمن،
_d1376 هجري-
_eمؤلف.
245 1 2 _aالذكر الجماعي بين الاتباع والابتداع /
_cتأليف محمد بن عبد الرحمن الخميس.
250 _aالطبعة الأولى.
264 1 _aالرياض :
_bدار الصفوة،
_c2007
300 _a128 صفحة ؛
_c18 سم.
336 _aنص
_btxt
_2rdacontent
_3كتاب
337 _aبدون وسيط
_bn
_2rdamedia
338 _aمجلد
_bnc
_2rdacarrier
650 7 _aالبدع في الإسلام
_2aucsh
650 7 _aالأدعية والأوراد
_2aucsh
650 7 _aالذكر (تصوف إسلامي)
_2aucsh
942 _2ddc
_cBOOK
_n0
949 _aSA-JeALM
_d250824
_umohamedma123
_n1
999 _c11236
_d11236